| 000 | 00835nam a22002057a 4500 | ||
|---|---|---|---|
| 999 |
_c18534 _d18534 |
||
| 003 | AR-CdUCM | ||
| 008 | 190514b ||||| |||| 00| 0 spa d | ||
| 040 |
_aMUNICIPALIDAD PROVINCIAL DEL CUSCO _cBIBLIOTECA MUNICIPAL DEL CUSCO |
||
| 082 |
_a330.15 / _bM94 |
||
| 100 |
_aMuniz Ortega, Carlos _94667 |
||
| 245 | _aLa integración económica los países socialistas el CAME en la economía mundial / | ||
| 260 |
_aMadrid : _bLiberia del profesional, _c[1943]. |
||
| 300 |
_a166 páginas ; _c21 cm. |
||
| 505 | _aContenido : Historia del consejo de ayuda mutua económica -- El CAME en la economía -- mundial -- Características especificas del consejo de ayuda mutua económica ... | ||
| 650 |
_aCAME _939176 |
||
| 650 |
_aEconomía _9382 |
||
| 650 |
_aPaíses socialistas _93930 |
||
| 942 |
_2ddc _cLIBROS |
||
| 945 |
_arah _d2019/05/14 |
||